Every main list Top 1 (Geometry Dash) - Statistiques

Statistiques générales
  • Ce quiz a été pris 31 fois
  • Le résultat moyen est 5 sur 22
Statistiques - réponses
Hint Réponse % Correct
Pointercrate demonlist (And AERDL) Thinking space 2
100%
Global demonlist Thinking space 2
100%
Memory Demon list Boobawamba
54%
Nine circles demonlist Subsuming Vortex
38%
2p demon list Codependence
33%
Challenge list Illusion of hell
33%
Impossible level list Open window
33%
Pemonlist Diamonds For Dashers
17%
Unrated demon list Quanteuse processing
17%
Low refresh rate demon list Renevant
13%
GD platformer list delightful climb
8%
Shitty list Shitty Sky Shredder
8%
Most useful GD level list Death moon
4%
Extreme Demon Enjoyments List Hollow
4%
Insane demon list Kanpai
4%
Spam challenge list soundcloud
4%
Hard demon list Before Machinery
0%
Medium demon list Chaoz Overdrive
0%
Hardest impossible Platformer list Club Kaizo Jetpack
0%
Hardest level to bot list Fear Factory
0%
Hardest Physically impossible level list Glistening
0%
Easy demon list Intensa Emozione
0%
Aucun quiz correspondant
Distribution des résultats
% des personnes avec chaque résultat
Percentile par nombre de réponses
Votre historique - résultats
Vous n’avez pas pris ce quiz